000 00579nam a2200217Ia 4500
003 OSt
005 20220928140407.0
006 a|||||r|||| 00| 0
007 ta
008 220927b |||||||| |||| 00| 0 eng d
024 _a8229
037 _cTextual
040 _aSDCL
_cSDCL
_beng
041 _2eng
_aeng
082 _aX:75.73'N8, M3
100 _aRukeyser Louis
_9441100
245 0 _aWhat's ahead for the economy
_b The challenge and the chance
260 _c1983
942 _hX:75.73'N8, M3
_cTEXL
_2CC
999 _c811188
_d811188